00488nam a2200157 a 450000500170000000800410001702000180005805000230007610000210009924500820012026000510020230000220025352100070027565000320028265000160031420140310183500.0100303s19uu xx 00 eng d a9781405179232 aPN 4749b.B35 2008 aBeckett, Charlie aSuper media :bsaving journalism so it can save the world /cCharlie Beckett. aUnited Kingdom :bBlackwell Publishing,c2008. a205 p. :c24 cm.  aMC aJournalismxsocial aspects. aJournalism.